Countries of Europe with Official Country Names - Statistics

General Stats
  • This quiz has been taken 14 times
    5 since last reset
  • The average score is 40 of 51
Answer Stats
Answer % Correct
Bosnia and Herzegovina
100%
Czech Republic
100%
Republic of Albania
100%
Republic of Austria
100%
Republic of Belarus
100%
Republic of Bulgaria
100%
Republic of Croatia
100%
Republic of Cyprus
100%
Republic of Estonia
100%
Republic of Ireland
100%
Republic of Italy
100%
Republic of Kosovo
100%
Republic of Lithuania
100%
Republic of Malta
100%
Republic of Moldova
100%
Republic of Serbia
100%
Republic of Slovenia
100%
Republic of Turkey
100%
Romania
100%
Russian Federation
100%
Ukraine
100%
Federal Republic of Germany
67%
French Republic
67%
Grand Duchy of Luxembourg
67%
Hellenic Republic
67%
Hungary
67%
Kingdom of Belgium
67%
Kingdom of Denmark
67%
Kingdom of Norway
67%
Kingdom of Spain
67%
Kingdom of Sweden
67%
Kingdom of the Netherlands
67%
Montenegro
67%
Portuguese Republic
67%
Principality of Andorra
67%
Principality of Liechtenstein
67%
Principality of Monaco
67%
Republic of Armenia
67%
Republic of Azerbaijan
67%
Republic of Finland
67%
Republic of Iceland
67%
Republic of Latvia
67%
Republic of Poland
67%
Republic of San Marino
67%
Slovak Republic
67%
Swiss Confederation
67%
The former Yugoslav Republic of Macedonia
67%
United Kingdom of Great Britain and Northern Ireland
67%
Georgia
33%
Republic of Kazakhstan
33%
State of the Vatican City
0%
No matching quizzes found
Score Distribution
Percent of People with Each Score
Percentile by Number Answered
Your Score History
You have not taken this quiz since the last reset